Las heladas en la argentina /
Guardado en:
| Autor Principal: | |
|---|---|
| Formato: | Libro |
| Publicado: |
Buenos Aires :
Orientación Gráfica Editora,
2011
|
| Edición: | 2a. ed. |
| Materias: | |
| Etiquetas: |
Agregar Etiqueta
Sin Etiquetas, Sea el primero en etiquetar este registro!
|
| LEADER | 01498nam a22002535a 4500 | ||
|---|---|---|---|
| 001 | CEM.cems017782 | ||
| 005 | 20120504111644.0 | ||
| 008 | 130507s2011##################000#0#####d | ||
| 003 | CEMS | ||
| 020 | |a 9789879260906 | ||
| 082 | 0 | 4 | |a 630.2515 |
| 100 | 1 | |a Burgos, Juan Jacinto | |
| 245 | 1 | 0 | |a Las heladas en la argentina / |c Juan Jacinto Burgos |
| 250 | |a 2a. ed. | ||
| 260 | |a Buenos Aires : |b Orientación Gráfica Editora, |c 2011 | ||
| 300 | |a 464 p. | ||
| 500 | |a Edición 2011, Homenaje al Ing. Agr. Juan Jacinto Burgos en el cincuentenario del lanzamiento de su obra "las heladas en la Argentina" | ||
| 505 | 0 | |a La helada como fenómeno agroclimático - La helada como fenómeno agrometeorológico - El pronóstico y los avisos de helada - Naturaleza del daño y de la resistencia de las plantas a las heladas - El calentamiento artificial en la lucha contra las heladas - La ventilación artificial en la lucha contra las heladas - El enturbiamiento del aire en la lucha contra las heladas - El riego en la lucha contra las heladas - Mejoramiento permanente de las condiciones micrometeorológicas en la lucha contra las heladas - Desarrollo tecnológico de la lucha contra las heladas | |
| 653 | |a Agrometeorología | ||
| 653 | |a Climatología | ||
| 653 | |a Heladas | ||
| 859 | |a CEMS |b BIB. CEMS - Agricultura |h 630.2515 |i B915a2 |p A1481.11 |t Ej.1 | ||
| 859 | |a CEMS |b BIB. CEMS - Agricultura |h 630.2515 |i B915a2 |p A1482.11 |t Ej.2 | ||
| 859 | |a CEMS |b BIB. CEMS - Agricultura |h 630.2515 |i B915a2 |p A1536.12 |t Ej.3 | ||
